| 000 | 01117nam a22003497a 4500 | ||
|---|---|---|---|
| 003 | CHAP | ||
| 005 | 20220329133901.0 | ||
| 008 | 971013s1967 r 00010 d | ||
| 010 | _a12225 | ||
| 011 | _a13197 | ||
| 035 | _a17268 | ||
| 040 | _cCHAP | ||
| 090 | _aTesis | ||
| 100 | 0 | 0 |
_aCarrillo Liz, Alfonso. _919506 |
| 245 | _aPredicción de lluvia a largo plazo | ||
| 260 |
_aChapingo, Méx. : _bEl Autor, _c1967 |
||
| 300 | _a77 p. | ||
| 502 | _aTesis (Maestro en Ciencias. Esp. Estadística) -- ENA. Colegio de Posgraduados | ||
| 590 |
_aALEPH _b10 _c20130110 _lUCH01 _h1231 |
||
| 590 |
_aBATCH-UPD _b10 _c20130110 _lUCH01 _h1439 |
||
| 590 |
_aBATCH-UPD _b10 _c20130410 _lUCH01 _h0911 |
||
| 590 |
_aBATCH-UPD _b10 _c20130914 _lUCH01 _h1727 |
||
| 590 |
_aCONVERSION _b10 _c20130109 _lUCH01 _h1308 |
||
| 650 | 1 | 4 |
_aLluvia. _967312 |
| 650 | 1 | 4 |
_aLluvia _xPredicción. _967333 |
| 901 | _aBK | ||
| 942 | _cFOLL | ||
| 949 |
_bBC _cTES _d-40885 _eTS1 _i17268 _si |
||
| 949 |
_bBC _cTES _d-40886 _eTS2 _fc.2 _i17268 _si |
||
| 949 |
_bBC _cTES _d-40888 _eTS2 _fc.4 _i17268 _si |
||
| 949 |
_bBC _cTES _d33724000907440 _eTS2 _fc.3 _i17268 _si |
||
| 999 |
_c12225 _d12225 |
||